| 000 | 01208nac a2200241 a 4500 | ||
|---|---|---|---|
| 003 | CoPeBPM | ||
| 005 | 20240617051809.0 | ||
| 008 | 240617b2008 |||||||| |||| 00| 0 spa d | ||
| 020 | _a978-84-494-3883-7 | ||
| 040 |
_aCoPeBPM _bspa _cCoPeBPM _erda |
||
| 082 | 0 | 4 | _a025.21878 N162p |
| 100 | 1 | _aNájera Trujillo, Claudia Gabriela | |
| 245 | 1 | 0 |
_a--Pero no imposible : _bBitácora de la transformación de una biblioteca escolar y su entorno _c/ Nájera Trujillo, Claudia Gabriela |
| 250 | _aPrimera edición; | ||
| 260 |
_aBarcelona, España; _bOcéano Travesía; _c2008 |
||
| 300 |
_a199 páginas; _c22 cm |
||
| 500 | _aIncluye datos biográficos del autor | ||
| 520 | _aAmena y aguda, deliciosa de leer y más aún de releer esta obra insólita en la literatura acerca de la formación de lectores dentro y fuera de la escuela, porque muestra cómo y por quéformar lectores y escritores en la escuela, pero sobre todo porque lo hace gozosamente, sin repetir lemas acerca del placer de la lectura, pero provocándolo. | ||
| 650 | 1 | 4 |
_aBibliotecas escolares _xAsistencia social _zMéxico |
| 700 | 1 |
_aClaudia Gabriela Nájera Trujillo; _ePrólogo de Delia Lerner |
|
| 765 | _aspa | ||
| 942 |
_2ddc _cBK _n0 |
||
| 999 |
_c59263 _d59263 |
||